[Event "Hamburg-chT Landesliga 2122"]
[Site "Hamburg"]
[Date "2022.05.08"]
[Round "9.7"]
[White "Holst, Marten"]
[Black "Richter, Maik"]
[Result "0-1"]
[WhiteElo "1932"]
[BlackElo "2160"]
[PlyCount "26"]
[EventDate "2021.10.31"]
[EventType "team-tourn"]
[EventRounds "9"]
[EventCountry "GER"]
[SourceTitle "EXT 2023"]
[Source "ChessBase"]
[SourceDate "2022.10.05"]
[SourceVersion "1"]
[SourceVersionDate "2022.10.05"]
[SourceQuality "1"]
[WhiteTeam "Harburg Diagonale"]
[BlackTeam "St Pauli II"]
[WhiteTeamCountry "GER"]
[BlackTeamCountry "GER"]

1. b3 e5 2. Bb2 Bd6 3. g3 Nf6 4. Bg2 c6 5. c4 0-0 6. e3 Bc7 7. Ne2 d5 8. 0-0 dxc4 9. bxc4 Qd3 10. Na3 Rd8 11. Bc3 Ne4 12. Bxe4 Qxe4 13. Qb3 Qf3 0-1

[Event "Oberliga Nord N 1819"]
[Site "Germany"]
[Date "2018.12.16"]
[Round "4.4"]
[White "Richter, Maik"]
[Black "Korba, Roman"]
[Result "1-0"]
[WhiteElo "2208"]
[BlackElo "2128"]
[PlyCount "79"]
[EventDate "2018.10.21"]
[EventType "team-tourn"]
[EventRounds "9"]
[EventCountry "GER"]
[SourceTitle "EXT 2020"]
[Source "ChessBase"]
[SourceDate "2019.10.17"]
[SourceVersion "1"]
[SourceVersionDate "2019.10.17"]
[SourceQuality "1"]
[WhiteTeam "St Pauli II"]
[BlackTeam "Hamburg Diogenes"]
[WhiteTeamCountry "GER"]
[BlackTeamCountry "GER"]

1. e4 e6 2. d4 d5 3. Nc3 Bb4 4. e5 c5 5. a3 Bxc3+ 6. bxc3 Ne7 7. Qg4 Qc7 8. Bd3 cxd4 9. Ne2 Qxe5 10. cxd4 h5 11. Qh4 Nf5 12. Qg5 Qf6 13. Qxf6 gxf6 14. Bxf5 exf5 15. Nf4 Nc6 16. Nxd5 Nxd4 17. 0-0 Be6 18. Nc7+ Kd7 19. Nxa8 Ne2+ 20. Kh1 Nxc1 21. Rfxc1 Rxa8 22. Rd1+ Kc6 23. Rd4 Kc5 24. Rad1 Rc8 25. Rh4 Rh8 26. Kg1 b5 27. f3 a5 28. Kf2 a4 29. h3 Rc8 30. c3 Kb6 31. Rd3 Bc4 32. Rd6+ Ka5 33. Rxh5 Be6 34. Rd3 Kb6 35. Rh4 Rc5 36. Rhd4 Re5 37. h4 Kc5 38. f4 Re4 39. h5 Bc4 40. Rxe4 1-0

[Event "Oberliga Nord N 1819"]
[Site "Germany"]
[Date "2018.11.25"]
[Round "3.5"]
[White "Kesten, Sebastian"]
[Black "Richter, Maik"]
[Result "1/2-1/2"]
[WhiteElo "2286"]
[BlackElo "2208"]
[PlyCount "37"]
[EventDate "2018.10.21"]
[EventType "team-tourn"]
[EventRounds "9"]
[EventCountry "GER"]
[SourceTitle "EXT 2020"]
[Source "ChessBase"]
[SourceDate "2019.10.17"]
[SourceVersion "1"]
[SourceVersionDate "2019.10.17"]
[SourceQuality "1"]
[WhiteTeam "Schwerin SF"]
[BlackTeam "St Pauli II"]
[WhiteTeamCountry "GER"]
[BlackTeamCountry "GER"]

1. c4 g6 2. g3 Bg7 3. Bg2 d6 4. Nc3 Nf6 5. d3 0-0 6. Nf3 e5 7. 0-0 c6 8. Bd2 Re8 9. Qc1 a5 10. Bh6 Bh8 11. Bg5 Nbd7 12. Ne4 Qc7 13. Nfd2 Nxe4 14. Nxe4 f5 15. Nc3 Nc5 16. Rb1 Bg7 17. Bh6 Bf6 18. Bg5 Bg7 19. Bh6 1/2-1/2

[Event "Oberliga Nord N 1415"]
[Site "Germany"]
[Date "2015.01.18"]
[Round "5.4"]
[White "Richter, Maik"]
[Black "Schumacher, Norbert"]
[Result "1/2-1/2"]
[WhiteElo "2216"]
[BlackElo "2210"]
[PlyCount "82"]
[EventDate "2014.09.21"]
[EventType "team-tourn"]
[EventRounds "9"]
[EventCountry "GER"]
[SourceTitle "EXT 2016"]
[Source "ChessBase"]
[SourceDate "2015.10.08"]
[SourceVersion "1"]
[SourceVersionDate "2015.10.08"]
[SourceQuality "1"]
[WhiteTeam "Hamburg St Pauli"]
[BlackTeam "Hamburger SK III"]
[WhiteTeamCountry "GER"]
[BlackTeamCountry "GER"]

1. c4 c5 2. g3 g6 3. Bg2 Bg7 4. Nc3 Nc6 5. e3 e5 6. Nge2 Nge7 7. 0-0 0-0 8. Rb1 d6 9. a3 a5 10. d3 Rb8 11. Bd2 Bf5 12. e4 Bd7 13. h3 f5 14. Kh2 h6 15. f4 Kh7 16. Ng1 Be6 17. Nf3 Qd7 18. Qa4 b6 19. Nd5 fxe4 20. dxe4 Ng8 21. Nh4 Nd4 22. Qd1 exf4 23. gxf4 Ne7 24. Nf3 Nec6 25. Ne1 b5 26. cxb5 Rxb5 27. Bc3 Rbb8 28. Qd3 a4 29. Kh1 Ne7 30. Nxe7 Qxe7 31. Nc2 Rb3 32. Na1 Rb6 33. Nc2 Rb3 34. Na1 Rbb8 35. Nc2 Qf7 36. Ne3 Qd7 37. f5 Ba2 38. fxg6+ Kh8 39. Nd5 Be5 40. Rxf8+ Rxf8 41. Rf1 Rxf1+ 1/2-1/2

[Event "Oberliga Nord N 1415"]
[Site "Germany"]
[Date "2014.12.07"]
[Round "4.4"]
[White "Boe, Mads"]
[Black "Richter, Maik"]
[Result "1/2-1/2"]
[WhiteElo "2353"]
[BlackElo "2216"]
[PlyCount "70"]
[EventDate "2014.09.21"]
[EventType "team-tourn"]
[EventRounds "9"]
[EventCountry "GER"]
[SourceTitle "EXT 2016"]
[Source "ChessBase"]
[SourceDate "2015.10.08"]
[SourceVersion "1"]
[SourceVersionDate "2015.10.08"]
[SourceQuality "1"]
[WhiteTeam "Kiel Turm"]
[BlackTeam "Hamburg St Pauli"]
[WhiteTeamCountry "GER"]
[BlackTeamCountry "GER"]

1. d4 f5 2. Nc3 Nf6 3. Bg5 d5 4. Bxf6 exf6 5. e3 Be6 6. Bd3 g6 7. Nge2 c6 8. Nf4 Bf7 9. h4 h5 10. Nce2 Nd7 11. c3 Nb6 12. Qc2 Nc4 13. b3 Nd6 14. c4 Qa5+ 15. Kf1 dxc4 16. bxc4 c5 17. d5 Be7 18. Nc3 Kf8 19. Rb1 Rb8 20. a4 a6 21. f3 Kg7 22. Kf2 Rh6 23. Rb2 Qc7 24. Rhb1 Rhh8 25. Qc1 Bd8 26. Ra2 Qe7 27. a5 Bc7 28. Qd2 Qd8 29. Nce2 Qe7 30. Nc3 Qd8 31. Nce2 Qe7 32. Re1 Rbe8 33. Nc3 Qd8 34. Nce2 Qe7 35. Nc3 Qd8 1/2-1/2

[Event "Oberliga Nord N 1314"]
[Site "Germany"]
[Date "2014.02.23"]
[Round "7.3"]
[White "Boe, Mads"]
[Black "Richter, Maik"]
[Result "1-0"]
[WhiteElo "2364"]
[BlackElo "2218"]
[PlyCount "83"]
[EventDate "2013.10.13"]
[EventType "team-tourn"]
[EventRounds "9"]
[EventCountry "GER"]
[SourceTitle "EXT 2015"]
[Source "ChessBase"]
[SourceDate "2014.11.20"]
[SourceVersion "1"]
[SourceVersionDate "2014.11.20"]
[SourceQuality "1"]
[WhiteTeam "Kiel Turm"]
[BlackTeam "St Pauli"]
[WhiteTeamCountry "GER"]
[BlackTeamCountry "GER"]

1. e4 c5 2. c3 Nf6 3. e5 Nd5 4. d4 cxd4 5. cxd4 e6 6. Nf3 Nc6 7. a3 d6 8. Bd3 Qc7 9. exd6 Bxd6 10. 0-0 0-0 11. Re1 b6 12. Nbd2 Re8 13. Ne4 Bf8 14. Bd2 Bb7 15. Rc1 Rac8 16. Ne5 f6 17. Nxc6 Bxc6 18. Ba6 Rb8 19. Bb5 Ne7 20. Qg4 Kh8 21. Qxe6 Qc8 22. Rxc6 Nxc6 23. Qxc6 Qf5 24. Ng3 Rxe1+ 25. Bxe1 Qg4 26. Bc3 h5 27. Be2 Qf4 28. Nxh5 Qc1+ 29. Bf1 Rd8 30. Qf3 Qg5 31. Ng3 Rc8 32. a4 Kg8 33. Ne4 Qh4 34. g3 Qh6 35. h4 Qg6 36. Bh3 Re8 37. Bf5 Qf7 38. h5 Rd8 39. Qg4 Qe7 40. Qg6 Rd5 41. Nxf6+ Qxf6 42. Qxf6 1-0

[Event "Oberliga Nord N 1314"]
[Site "Germany"]
[Date "2013.12.15"]
[Round "4.4"]
[White "Richter, Maik"]
[Black "Reimer, Wolf"]
[Result "1-0"]
[WhiteElo "2218"]
[BlackElo "2106"]
[PlyCount "64"]
[EventDate "2013.10.13"]
[EventType "team-tourn"]
[EventRounds "9"]
[EventCountry "GER"]
[SourceTitle "EXT 2015"]
[Source "ChessBase"]
[SourceDate "2014.11.20"]
[SourceVersion "1"]
[SourceVersionDate "2014.11.20"]
[SourceQuality "1"]
[WhiteTeam "St Pauli"]
[BlackTeam "Luebeck II"]
[WhiteTeamCountry "GER"]
[BlackTeamCountry "GER"]

1. e4 g6 2. d4 Bg7 3. c4 d6 4. Nc3 e5 5. Nge2 Nc6 6. Be3 Nh6 7. d5 Ne7 8. f3 f5 9. Qd2 f4 10. Bf2 0-0 11. 0-0-0 Nf7 12. Kb1 c5 13. dxc6 bxc6 14. g3 g5 15. h4 h6 16. hxg5 hxg5 17. gxf4 gxf4 18. Bh3 Bxh3 19. Rxh3 Qd7 20. Rh5 Qe6 21. Qd3 Rfb8 22. Rg1 Rb7 23. Nd1 Rab8 24. Nec3 Rb4 25. Nd5 cxd5 26. exd5 Qf6 27. Bh4 Ng5 28. Rhxg5 Rxb2+ 29. Nxb2 Rxb2+ 30. Kc1 e4 31. Rxg7+ Qxg7 32. Rxg7+ Kxg7 1-0

[Event "Oberliga Nord N 1314"]
[Site "Germany"]
[Date "2013.11.10"]
[Round "2.4"]
[White "Richter, Maik"]
[Black "Schulz, Karsten"]
[Result "1/2-1/2"]
[WhiteElo "2218"]
[BlackElo "2302"]
[PlyCount "63"]
[EventDate "2013.10.13"]
[EventType "team-tourn"]
[EventRounds "9"]
[EventCountry "GER"]
[SourceTitle "EXT 2015"]
[Source "ChessBase"]
[SourceDate "2014.11.20"]
[SourceVersion "1"]
[SourceVersionDate "2014.11.20"]
[SourceQuality "1"]
[WhiteTeam "St Pauli"]
[BlackTeam "Schwerin"]
[WhiteTeamCountry "GER"]
[BlackTeamCountry "GER"]

1. e4 d6 2. d4 Nf6 3. f3 c5 4. Ne2 d5 5. exd5 Nxd5 6. dxc5 Qa5+ 7. Nbc3 e6 8. Bd2 Qxc5 9. Nxd5 exd5 10. Bc3 Nc6 11. Nd4 Be6 12. Qd2 0-0-0 13. 0-0-0 Rg8 14. Kb1 Kb8 15. Be2 Qb6 16. f4 Bc5 17. Bf3 Nxd4 18. Bxd4 Bxd4 19. Qxd4 Qxd4 20. Rxd4 Rd7 21. Rhd1 Rgd8 22. Kc1 Kc7 23. c3 Rd6 24. R1d2 f5 25. Ra4 a6 26. Rad4 R6d7 27. Kd1 Rd6 28. Ke2 R6d7 29. Ke3 Rd6 30. Kf2 R6d7 31. Ke3 Rd6 32. Kf2 1/2-1/2

[Event "Dresden ZMD op-A 21st"]
[Site "Dresden"]
[Date "2012.08.18"]
[Round "1"]
[White "Richter, Maik"]
[Black "Hansch, Karsten"]
[Result "1/2-1/2"]
[WhiteElo "2190"]
[BlackElo "2050"]
[PlyCount "30"]
[EventDate "2012.08.18"]
[EventType "swiss"]
[EventRounds "9"]
[EventCountry "GER"]
[SourceTitle "CBM 150 Extra"]
[Source "ChessBase"]
[SourceDate "2012.10.19"]
[SourceVersion "1"]
[SourceVersionDate "2012.10.19"]
[SourceQuality "1"]

1. e4 c6 2. d4 d5 3. exd5 cxd5 4. c4 Nf6 5. Nc3 Nc6 6. Nf3 Bg4 7. cxd5 Nxd5 8. Be2 e6 9. 0-0 Be7 10. Ne4 0-0 11. Be3 Qb6 12. Qd2 Rad8 13. Nc3 Nxe3 14. fxe3 e5 15. d5 Bf5 1/2-1/2

[Event "Oberliga Ost-A 0809"]
[Site "Germany"]
[Date "2009.03.28"]
[Round "10.3"]
[White "Hoffmann, Hendrik"]
[Black "Richter, Maik"]
[Result "0-1"]
[WhiteElo "2211"]
[BlackElo "2128"]
[PlyCount "98"]
[EventDate "2008.10.12"]
[EventType "team-tourn"]
[EventRounds "11"]
[EventCountry "GER"]
[SourceTitle "EXT 2010"]
[Source "ChessBase"]
[SourceDate "2010.11.25"]
[SourceVersion "1"]
[SourceVersionDate "2010.11.25"]
[SourceQuality "1"]
[WhiteTeam "Leipzig Gohlis"]
[BlackTeam "Ebersbach"]
[WhiteTeamCountry "GER"]
[BlackTeamCountry "GER"]

1. e4 c5 2. b3 Nc6 3. Bb2 Nf6 4. Nc3 d5 5. exd5 Nxd5 6. Bb5 Qd6 7. Nf3 a6 8. Nxd5 Qxd5 9. Bc4 Qe4+ 10. Qe2 Qxe2+ 11. Bxe2 Nb4 12. Bd1 Bf5 13. 0-0 Bxc2 14. d4 cxd4 15. Nxd4 Bxd1 16. Rfxd1 e6 17. Rac1 Nd5 18. Nf5 Rg8 19. Ne3 Nxe3 20. fxe3 Rd8 21. Bd4 Ba3 22. Bb6 Rxd1+ 23. Rxd1 Ke7 24. Kf2 Rc8 25. Rd2 Bb4 26. Re2 Rc6 27. Bd4 f6 28. e4 e5 29. Be3 Ke6 30. Kf3 Rc3 31. Kf2 Rc8 32. Kf3 Rc3 33. Kf2 Rc7 34. Kf3 Rc6 35. g4 g6 36. h4 Rc3 37. Kf2 Rc7 38. Kg3 Rc3 39. Kf2 Rc7 40. Kg3 f5 41. exf5+ gxf5 42. Bd4 Bd6 43. Bb2 Rg7 44. g5 h6 45. Bc1 hxg5 46. hxg5 e4+ 47. Kf2 Be5 48. Rc2 f4 49. Rc4 Rc7 0-1

[Event "Oberliga Ost-A 0809"]
[Site "Germany"]
[Date "2008.11.30"]
[Round "3.3"]
[White "Roemling, Sven"]
[Black "Richter, Maik"]
[Result "1-0"]
[WhiteElo "2208"]
[BlackElo "2128"]
[PlyCount "69"]
[EventDate "2008.10.12"]
[EventType "team-tourn"]
[EventRounds "11"]
[EventCountry "GER"]
[SourceTitle "EXT 2010"]
[Source "ChessBase"]
[SourceDate "2010.11.25"]
[SourceVersion "1"]
[SourceVersionDate "2010.11.25"]
[SourceQuality "1"]
[WhiteTeam "Leipzig Lok II"]
[BlackTeam "Ebersbach"]
[WhiteTeamCountry "GER"]
[BlackTeamCountry "GER"]

1. e4 c5 2. d4 cxd4 3. c3 Nf6 4. e5 Nd5 5. cxd4 Nc6 6. Nf3 d6 7. Be2 g6 8. Nc3 Nxc3 9. bxc3 Bg7 10. exd6 Qxd6 11. 0-0 0-0 12. a4 Rd8 13. Bg5 b6 14. Qc1 Bb7 15. Qe3 Re8 16. Rfd1 Rac8 17. Bb5 a6 18. Bf1 Na5 19. Bf4 Qc6 20. Rd3 Nc4 21. Qc1 Qe4 22. Ng5 Qf5 23. Rh3 h6 24. Bd3 Qd5 25. Be4 Qd7 26. Bxb7 Qxb7 27. Nf3 g5 28. Bd2 Qd5 29. Rg3 e5 30. h4 g4 31. Bxh6 f5 32. Bxg7 gxf3 33. Qg5 Qf7 34. Bf6+ Kh7 35. Qxf5+ 1-0

[Event "Oberliga Ost-A 0809"]
[Site "Germany"]
[Date "2008.10.12"]
[Round "1.3"]
[White "Wagner, Christian"]
[Black "Richter, Maik"]
[Result "1-0"]
[WhiteElo "2215"]
[BlackElo "2128"]
[PlyCount "79"]
[EventDate "2008.10.12"]
[EventType "team-tourn"]
[EventRounds "11"]
[EventCountry "GER"]
[SourceTitle "EXT 2010"]
[Source "ChessBase"]
[SourceDate "2010.11.25"]
[SourceVersion "1"]
[SourceVersionDate "2010.11.25"]
[SourceQuality "1"]
[WhiteTeam "Magdeburg Rochade"]
[BlackTeam "Ebersbach"]
[WhiteTeamCountry "GER"]
[BlackTeamCountry "GER"]

1. d4 f5 2. c4 Nf6 3. Nc3 d6 4. Nf3 g6 5. e3 Bg7 6. Be2 0-0 7. b4 e5 8. Bb2 Nbd7 9. Qb3 Qe7 10. Nb5 Ne8 11. dxe5 dxe5 12. Rd1 Kh8 13. 0-0 c6 14. Nc3 e4 15. Nd4 Ne5 16. Ba3 Nc7 17. b5 c5 18. Nd5 Qd6 19. f4 exf3 20. Nxf3 Ng4 21. Bb2 Nxd5 22. Rxd5 Qe7 23. Bxg7+ Kxg7 24. Qc3+ Kg8 25. Ne5 Nf6 26. Rd3 Re8 27. Nf3 f4 28. exf4 Bf5 29. Rdd1 Qxe2 30. Qxf6 Qxc4 31. Ne5 Qxa2 32. g4 Qe6 33. Qh4 Be4 34. Rd7 h5 35. gxh5 c4 36. hxg6 Bxg6 37. Qh6 Bf7 38. Qg5+ Kh8 39. Nxf7+ Kh7 40. Ne5+ 1-0

[Event "Oberliga Ost-A 0708"]
[Site "Germany"]
[Date "2007.11.04"]
[Round "3.3"]
[White "Richter, Maik"]
[Black "Salewski, Bernd"]
[Result "1/2-1/2"]
[WhiteElo "2170"]
[BlackElo "2059"]
[PlyCount "100"]
[EventDate "2007.09.23"]
[EventType "team-tourn"]
[EventRounds "11"]
[EventCountry "GER"]
[SourceTitle "EXT 2009"]
[Source "ChessBase"]
[SourceDate "2008.11.26"]
[SourceVersion "1"]
[SourceVersionDate "2008.11.26"]
[SourceQuality "1"]
[WhiteTeam "Ebersbach"]
[BlackTeam "Naumburg"]
[WhiteTeamCountry "GER"]
[BlackTeamCountry "GER"]

1. e4 e6 2. d4 d5 3. Nc3 Nf6 4. e5 Nfd7 5. f4 c5 6. Nf3 Nc6 7. Be3 a6 8. Qd2 cxd4 9. Nxd4 Nxd4 10. Bxd4 Bc5 11. 0-0-0 b5 12. Kb1 Qb6 13. h4 Bxd4 14. Qxd4 Qxd4 15. Rxd4 h5 16. Rh3 g6 17. a4 bxa4 18. Nxa4 Ke7 19. Rc3 f6 20. exf6+ Kxf6 21. Rc7 Re8 22. c4 e5 23. Rxd5 exf4 24. Rd6+ Re6 25. Rxe6+ Kxe6 26. c5 Ke5 27. Bd3 Kd4 28. Bxg6 Ne5 29. Bc2 Be6 30. Nc3 Bc4 31. Rg7 Rg8 32. Rxg8 Bxg8 33. Be4 Kxc5 34. Ne2 Nc4 35. Kc1 Bf7 36. Nxf4 Nd6 37. Bf3 Nf5 38. Bxh5 Bxh5 39. Nxh5 Nxh4 40. g3 Nf3 41. Kc2 Kd4 42. Nf4 Kc4 43. b3+ Kb4 44. Nd3+ Kb5 45. Kc3 a5 46. Nb2 Ng5 47. g4 Ne4+ 48. Kd4 Nc5 49. Nd3 Nxb3+ 50. Kc3 Nc5 1/2-1/2